Oceňovanie predaja a kúpy podniku

Oceňovanie hmotného majetku v zmysle par. 25 zákona č. 563/1991 Zb. o účtovníctve. Úprava zmluvy o predaji podniku podľa ustanovení Obchodného zákonníka Stanovenie ceny podniku. Zákony a Opatrenia MF SR upravujúce oceňovanie predaja a kúpy podniku.

Gespeichert in:
Bibliographische Detailangaben
1. Verfasser: Škultéty, Jozef
Format: Buchkapitel
Sprache:Slowakisch
Schlagworte:
Tags: Tag hinzufügen
Keine Tags, Fügen Sie das erste Tag hinzu!

MARC

LEADER 00000naa a2200000 4500
001 r035075
005 20230919090132.8
041 0 |a slo 
044 |a SK 
245 1 0 |a Oceňovanie predaja a kúpy podniku  |c Jozef Škultéty 
520 |a Oceňovanie hmotného majetku v zmysle par. 25 zákona č. 563/1991 Zb. o účtovníctve. Úprava zmluvy o predaji podniku podľa ustanovení Obchodného zákonníka Stanovenie ceny podniku. Zákony a Opatrenia MF SR upravujúce oceňovanie predaja a kúpy podniku. 
610 2 0 |a oceňovanie 
610 2 0 |a podnik 
610 2 0 |a hodnota podniku 
610 2 0 |a predaj 
610 2 0 |a kúpa 
610 2 0 |a predpisy právne 
610 2 0 |a zákonník obchodný 
610 2 0 |a opatrenia 
610 2 0 |a ceny kúpne 
610 2 0 |a ceny obstarávacie 
610 2 0 |a majetok hmotný 
100 1 |a Škultéty, Jozef